zpět

Detail výsledku týmu

Limbo, Brno

Datum a čas kvízu

23.5 Celkem bodů Celkový počet nahraných bodů na tomto kvízu bez doplňovacích otázek.
6. Pořadí na kvízu Konečné umístění týmu na tomto kvízu.

Zaznamenané odpovědi

# Otázka Odpověď Body Výsledky
1. Mezi tradičními novoročními zp... Břeclav 1
2. Slovenská prezidentka Zuzana Č... Milada Horáková 1
3. Nejvíce nominací na Ceny filmo... Staříci, Vlastníci 0
4. Novým majitelem hnědouhelné el... Pavel Tykač 0
5. Kolik fanoušků sledovalo v Drá... 30 000 diváků 0
6. 1. ledna došlo ke zvýšení rodi... 300 000 Kč 0
7. V jednom z francouzských zámoř... Nová Kaledonie 0
8. Nový čínský rok začíná 25. led... kryse 0
9. Nejbezpečnějšími aerolinkami p... Qantas 0
10. Mezi 12. červnem a 12. červenc... Anglie, Chorvatsko 1